000
00314nam a2200121Ia 4500
008
240624s9999 xx 000 0 und d
041
_a
eng
082
_a
658.827 VER
100
_a
VERMA HARSH V
245
_a
BRAND MANAGEMENT TEXT AND CASES
260
_c
2009
_a
New Delhi
_b
Excel Book
300
_a
477 : p. : cm. ; 28
999
_c
20045
_d
20045